| 000 | 00938nam a22002778a 4500 | ||
|---|---|---|---|
| 001 | 016081548 | ||
| 003 | OSt | ||
| 005 | 20201128020934.0 | ||
| 008 | 120430s2012 nyu 001 0 eng|d | ||
| 020 | _a0077140885 (pbk.) : | ||
| 020 | _a9780077140885 (pbk.) : | ||
| 082 | 0 | 4 |
_a650 _bNIC _222 |
| 100 | 1 |
_aNickels, William G. _93021 |
|
| 245 | 1 | 0 |
_aUnderstanding Business / _cWilliam G. Nickels, James McHugh, Susan McHugh. |
| 250 | _a10th ed., Global ed. | ||
| 260 |
_aNew York : _bMcGraw-Hill Professional ; _aLondon : _bMcGraw-Hill [distributor], _c2012. |
||
| 300 |
_a1 v. : _bill ; _c29 cm. |
||
| 504 | _aIncludes bibliographical references and index. | ||
| 650 | 7 |
_aBusiness. _931005 _2BUEsh |
|
| 650 | 7 |
_aIndustrial management. _931006 _2BUEsh |
|
| 651 | _2BUEsh | ||
| 653 |
_bBUSADM _cSeptember2012 |
||
| 700 | 1 |
_aMcHugh, James M. _93025 |
|
| 700 | 1 |
_aMcHugh, Susan M. _93026 |
|
| 942 |
_2ddc _cBB _h650 NIC |
||
| 999 |
_c17039 _d17011 |
||